| 000 | 00418nam a2200145Ia 4500 | ||
|---|---|---|---|
| 008 | 231129s1997||||xx |||||||||||||| ||spa|| | ||
| 020 | _a958-612-264-6 | ||
| 040 | _bspa | ||
| 082 | _aCo863.44 P838h | ||
| 100 | _aPorras Vallejo José Libardo | ||
| 245 | 0 | _aHistorias de la cárcel Bella Vista | |
| 260 | _c1997 | ||
| 264 | _aInstituto Colombiano de Cultura | ||
| 942 |
_2ddc _cBKS |
||
| 999 |
_c15373 _d15373 |
||